Mashariqul Anwaar (tr.Into Urdu as Tohfatul Akhyar) (Record no. 2016)

MARC details
000 -LEADER
fixed length control field 00604nam a2200241 a 4500
020 ## - INTERNATIONAL STANDARD BOOK NUMBER
ISBN
082 00 - DEWEY DECIMAL CLASSIFICATION NUMBER
Classification number 297.1247
Author Cutter SAN
100 ## - MAIN ENTRY--AUTHOR NAME
Author name Sanaani, Raziuddin Hasan
245 ## - TITLE STATEMENT
Title Mashariqul Anwaar (tr.Into Urdu as Tohfatul Akhyar)
260 ## - PUBLICATION, DISTRIBUTION, ETC. (IMPRINT)
Place of publication Kanpur
Name of publisher Qaiyoom Press
Year of publication 1925
300 ## - PHYSICAL DESCRIPTION
Number of Pages 400p
500 ## - GENERAL NOTE
General note includes index and biblioraphy
505 2# - FORMATTED CONTENTS NOTE
Formatted contents note Index
650 ## - SUBJECT ADDED ENTRY--TOPICAL TERM
Topical Term Hadith
942 ## - ADDED ENTRY ELEMENTS (KOHA)
Koha item type Books
700 1# -
-- Sanaani, Raziuddin Hasan
Holdings
Collection code Home library Current library Date acquired Cost, normal purchase price Full call number Accession Number Koha item type
  Henry Martyn Institute Library Henry Martyn Institute Library 08/08/2007 100.00 297.1247 SAN 03094 Books
                   Copyright © 2026 | Henry Martyn Institute | Hyderabad | TS-500052 | INDIA | Implemented by hmi.edu.in
Hit-Count:

Powered by Koha